Political governance and minority rights : (Record no. 42590)

MARC details
000 -LEADER
fixed length control field 00909nam a22002417a 4500
005 - DATE AND TIME OF LATEST TRANSACTION
control field 20100819153022.0
010 ## - LCCN (DPL NO)
LC control number ENG-100975
020 ## - INTERNATIONAL STANDARD BOOK NUMBER
International Standard Book Number 9780415550710
Terms of availability 895.00
035 ## - SYSTEM CONTROL NUMBER
System control number EN-84508
037 ## - SOURCE OF ACQUISITION
Source of stock number/acquisition DBAD/PUB
082 ## - DEWEY DECIMAL CLASSIFICATION NUMBER
Classification number 342.5029
245 ## - TITLE STATEMENT
Title Political governance and minority rights :
Remainder of title the South and South-East Asian scenario /
Statement of responsibility, etc edited by Lipi Ghosh
260 ## - PUBLICATION, DISTRIBUTION, ETC. (IMPRINT)
Place of publication, distribution, etc New Delhi
Name of publisher, distributor, etc Routledge
Date of publication, distribution, etc 2009
270 ## - ADDRESS
Address 912-915 Tolstoy House, 15-17 Tolstoy Marg
City New Delhi
Postal code 110001
300 ## - PHYSICAL DESCRIPTION
Extent xlii,349p.
Dimensions 23cm (Hb)
500 ## - GENERAL NOTE
General note Includes index
650 ## - SUBJECT ADDED ENTRY--TOPICAL TERM
Topical term or geographic name as entry element Minority
650 ## - SUBJECT ADDED ENTRY--TOPICAL TERM
Topical term or geographic name as entry element Minority-Civil rights
650 ## - SUBJECT ADDED ENTRY--TOPICAL TERM
Topical term or geographic name as entry element Political science
Geographic subdivision South Asia
700 ## - ADDED ENTRY--PERSONAL NAME
Personal name Ghosh, Lipi
9 (RLIN) 15284
942 ## - ADDED ENTRY ELEMENTS (KOHA)
Source of classification or shelving scheme Dewey Decimal Classification
Item type English Books
Classification part 342.5029
Call number suffix POL
Holdings
Withdrawn status Lost status Not for loan Collection code Home library Current library Date acquired Source of acquisition Cost, normal purchase price Full call number Barcode Copy number Cost, replacement price Koha item type
    Not For Loan Non-fiction D.B.Act.Division D.B.Act.Division 19/08/2010 DBAD/PUB 895.00 342.5029 POL EN-84508 1 895.00 English Books

© Delhi Public Library
Hit Counter
free hit counter